Sports Quiz

Random Sports or Soccer Quiz

Claude Makelélé career XIs Quiz Stats

Quiz not verified by Sporcle

Challenge
Share
Tweet
Embed
Score 0/209 Timer 20:00
0 Plays Today
Hint Answer % Correct
Chelsea 2004-2005 1stPetr Cech
95.1%
Chelsea 2005-2006 1stPetr Cech
95.1%
Chelsea 2007-2008 2ndPetr Cech
95.1%
Chelsea 2004-2005 1stDidier Drogba
94.2%
Chelsea 2005-2006 1stDidier Drogba
94.2%
Chelsea 2007-2008 2ndDidier Drogba
94.2%
Real Madrid 2000-2001 1stIker Casillas
94%
Real Madrid 2002-2003 1stIker Casillas
94%
Chelsea 2004-2005 1stJohn Terry
94%
Chelsea 2005-2006 1stJohn Terry
94%
Chelsea 2006-2007 2ndJohn Terry
94%
Chelsea 2006-2007 2ndDidier Drogba
94%
Chelsea 2007-2008 2ndJohn Terry
94%
Real Madrid 2001-2002 3rdZinédine Zidane
93.9%
Real Madrid 2002-2003 1stZinédine Zidane
93.9%
Real Madrid 2000-2001 1stRaùl
92.7%
Real Madrid 2001-2002 3rdRaùl
92.7%
Real Madrid 2002-2003 1stRaùl
92.7%
Chelsea 2004-2005 1stFrank Lampard
92.6%
Chelsea 2005-2006 1stFrank Lampard
92.6%
Chelsea 2006-2007 2ndFrank Lampard
92.6%
Real Madrid 2000-2001 1stLuis Figo
91.7%
Real Madrid 2001-2002 3rdLuis Figo
91.7%
Real Madrid 2002-2003 1stLuis Figo
91.7%
Chelsea 2006-2007 2ndMichael Essien
90.3%
Chelsea 2007-2008 2ndMichael Essien
90.3%
Chelsea 2006-2007 2ndAndreï Shevchenko
90%
Nantes 1992-1993 5thClaude Makelélé
89.6%
Nantes 1993-1994 5thClaude Makelélé
89.6%
Nantes 1994-1995 1stClaude Makelélé
89.6%
Nantes 1995-1996 7thClaude Makelélé
89.6%
Nantes 1996-1997 3rdClaude Makelélé
89.6%
Marseille 1997-1998 4thClaude Makelélé
89.6%
Celta Vigo 1998-1999 5thClaude Makelélé
89.6%
Celta Vigo 1999-2000 7thClaude Makelélé
89.6%
Real Madrid 2000-2001 1stClaude Makelélé
89.6%
Real Madrid 2001-2002 3rdClaude Makelélé
89.6%
Real Madrid 2002-2003 1stClaude Makelélé
89.6%
Chelsea 2003-2004 2ndClaude Makelélé
89.6%
Chelsea 2004-2005 1stClaude Makelélé
89.6%
Chelsea 2005-2006 1stClaude Makelélé
89.6%
Chelsea 2006-2007 2ndClaude Makelélé
89.6%
Chelsea 2007-2008 2ndClaude Makelélé
89.6%
Paris SG 2008-2009 6thClaude Makelélé
89.6%
Paris SG 2009-2010 13thClaude Makelélé
89.6%
Paris SG 2010-2011 4thClaude Makelélé
89.6%
Chelsea 2006-2007 2ndRicardo Carvalho
88.2%
Real Madrid 2000-2001 1stRoberto Carlos
88%
Real Madrid 2001-2002 3rdRoberto Carlos
88%
Real Madrid 2002-2003 1stRoberto Carlos
88%
Chelsea 2007-2008 2ndAshley Cole
87.4%
Chelsea 2004-2005 1stEidur Gudjohnsen
86.7%
Chelsea 2005-2006 1stEidur Gudjohnsen
86.7%
Real Madrid 2001-2002 3rdFernando Hierro
85.8%
Real Madrid 2002-2003 1stFernando Hierro
85.8%
Chelsea 2003-2004 2ndWilliam Gallas
85.3%
Chelsea 2004-2005 1stWilliam Gallas
85.3%
Chelsea 2005-2006 1stWilliam Gallas
85.3%
Chelsea 2006-2007 2ndSalomon Kalou
83.7%
Chelsea 2003-2004 2ndAdrian Mutu
83%
Chelsea 2007-2008 2ndJohn Obi Mikel
82.5%
Chelsea 2007-2008 2ndFlorent Malouda
81.4%
Chelsea 2005-2006 1stArjen Robben
80.9%
Chelsea 2003-2004 2ndHernan Crespo
80.6%
Chelsea 2003-2004 2ndCarlo Cudicini
80.3%
Chelsea 2006-2007 2ndCarlo Cudicini
80.3%
Real Madrid 2000-2001 1stGuti
79.9%
Real Madrid 2002-2003 1stGuti
79.9%
Chelsea 2005-2006 1stDamien Duff
79.8%
Celta Vigo 1998-1999 5thMichel Salgado
79.3%
Hint Answer % Correct
Real Madrid 2001-2002 3rdMichel Salgado
79.3%
Real Madrid 2002-2003 1stMichel Salgado
79.3%
Chelsea 2004-2005 1stPaulo Ferreira
79.3%
Chelsea 2005-2006 1stPaulo Ferreira
79.3%
Chelsea 2006-2007 2ndPaulo Ferreira
79.3%
Chelsea 2003-2004 2ndMarcel Desailly
77.3%
Real Madrid 2000-2001 1stIvan Helguera
74.9%
Real Madrid 2002-2003 1stIvan Helguera
74.9%
Real Madrid 2000-2001 1stGeremi
72.2%
Chelsea 2003-2004 2ndGeremi
72.2%
Chelsea 2004-2005 1stGeremi
72.2%
Chelsea 2007-2008 2ndAlex
71.7%
Chelsea 2003-2004 2ndWayne Bridge
69.3%
Chelsea 2004-2005 1stWayne Bridge
69.3%
Chelsea 2006-2007 2ndWayne Bridge
69.3%
Chelsea 2005-2006 1stAsier Del Horno
54.5%
Real Madrid 2002-2003 1stEsteban Cambiasso
54.2%
Chelsea 2003-2004 2ndEmmanuel Petit
54%
Paris SG 2008-2009 6thMickaël Landreau
52.6%
Paris SG 2009-2010 13thGrégory Coupet
52.1%
Paris SG 2010-2011 4thGrégory Coupet
52.1%
Chelsea 2003-2004 2ndJuan Sebastian Veron
50.3%
Paris SG 2009-2010 13thStéphane Sessègnon
48.7%
Paris SG 2010-2011 4thStéphane Sessègnon
48.7%
Paris SG 2008-2009 6thMamadou Sakho
48.4%
Paris SG 2009-2010 13thMamadou Sakho
48.4%
Paris SG 2010-2011 4thMamadou Sakho
48.4%
Real Madrid 2001-2002 3rdSantiago Solari
47.7%
Marseille 1997-1998 4thAndreas Köpke
47.4%
Chelsea 2007-2008 2ndJuliano Belletti
46.8%
Chelsea 2003-2004 2ndGlen Johnson
46%
Chelsea 2004-2005 1stAleksey Smertin
46%
Paris SG 2010-2011 4thNenê
46%
Real Madrid 2001-2002 3rdCésar
45.3%
Nantes 1992-1993 5thPatrice Loko
44.5%
Nantes 1994-1995 1stPatrice Loko
44.5%
Marseille 1997-1998 4thTiti Camara
44.2%
Paris SG 2008-2009 6thZoumana Camara
44.2%
Paris SG 2010-2011 4thZoumana Camara
44.2%
Paris SG 2009-2010 13thMevlut Erding
43.5%
Paris SG 2010-2011 4thMevlut Erding
43.5%
Paris SG 2008-2009 6thGuillaume Hoarau
42.7%
Marseille 1997-1998 4thSerge Blanc
42.2%
Marseille 1997-1998 4thLaurent Blanc
42.2%
Real Madrid 2000-2001 1stBortolini Savio
41.3%
Paris SG 2008-2009 6thLudovic Giuly
41.3%
Paris SG 2009-2010 13thLudovic Giuly
41.3%
Paris SG 2010-2011 4thChristophe Jallet
41.3%
Real Madrid 2000-2001 1stIvan Campo
40.1%
Nantes 1992-1993 5thChristian Karembeu
38.2%
Nantes 1994-1995 1stChristian Karembeu
38.2%
Chelsea 2007-2008 2ndShaun Wright-Phillips
37.1%
Real Madrid 2001-2002 3rdAitor Karanka
35.9%
Paris SG 2008-2009 6thSylvain Armand
35.3%
Paris SG 2009-2010 13thSylvain Armand
35.3%
Paris SG 2010-2011 4thSylvain Armand
35.3%
Nantes 1992-1993 5thReynald Pedros
35%
Nantes 1993-1994 5thReynald Pedros
35%
Nantes 1994-1995 1stReynald Pedros
35%
Nantes 1995-1996 7thReynald Pedros
35%
Celta Vigo 1998-1999 5thRichard Dutruel
34.6%
Celta Vigo 1999-2000 7thRichard Dutruel
34.6%
Paris SG 2008-2009 6thJérôme Rothen
34.5%
Celta Vigo 1999-2000 7thGustavo Lopez
33.7%
Paris SG 2008-2009 6thMarcos Cearà
33.7%
Paris SG 2009-2010 13thMarcos Cearà
33.7%
Celta Vigo 1998-1999 5thAleksandr Mostovoy
33.5%
Celta Vigo 1999-2000 7thBenni McCarthy
33.5%
Nantes 1992-1993 5thNicolas Ouédec
33.2%
Nantes 1993-1994 5thNicolas Ouédec
33.2%
Hint Answer % Correct
Nantes 1994-1995 1stNicolas Ouédec
33.2%
Nantes 1992-1993 5thJaphet N'Doram
32.4%
Nantes 1993-1994 5thJaphet N'Doram
32.4%
Nantes 1995-1996 7thJaphet N'Doram
32.4%
Nantes 1996-1997 3rdJaphet N'Doram
32.4%
Celta Vigo 1998-1999 5thValery Karpin
32.4%
Celta Vigo 1999-2000 7thValery Karpin
32.4%
Paris SG 2009-2010 13thPéguy Luyindula
30.6%
Paris SG 2010-2011 4thPéguy Luyindula
30.6%
Real Madrid 2001-2002 3rdFlavio Conceiçao
28.8%
Paris SG 2008-2009 6thJérémy Clément
26.7%
Paris SG 2009-2010 13thJérémy Clément
26.7%
Paris SG 2010-2011 4thMathieu Bodmer
23.1%
Celta Vigo 1998-1999 5thJuan Sanchez
22.3%
Marseille 1997-1998 4thCyril Domoraud
20.9%
Nantes 1996-1997 3rdFrédéric Da Rocha
19.1%
Celta Vigo 1999-2000 7thAlbert Celades
18.8%
Real Madrid 2000-2001 1stAlbert Celades
18.8%
Nantes 1992-1993 5thJean-Michel Ferri
18.1%
Nantes 1993-1994 5thJean-Michel Ferri
18.1%
Nantes 1996-1997 3rdJean-Michel Ferri
18.1%
Nantes 1993-1994 5thNoureddine Naybet
17.6%
Paris SG 2009-2010 13thGrégory Bourillon
15%
Nantes 1992-1993 5thDavid Marraud
14.9%
Nantes 1993-1994 5thDavid Marraud
14.9%
Nantes 1994-1995 1stDavid Marraud
14.9%
Nantes 1995-1996 7thDavid Marraud
14.9%
Nantes 1992-1993 5thSerge Le Dizet
14.7%
Nantes 1993-1994 5thSerge Le Dizet
14.7%
Nantes 1994-1995 1stSerge Le Dizet
14.7%
Nantes 1996-1997 3rdSerge Le Dizet
14.7%
Celta Vigo 1998-1999 5thHaim Revivo
14.7%
Celta Vigo 1999-2000 7thHaim Revivo
14.7%
Paris SG 2008-2009 6thFabrice Pancrate
14.7%
Nantes 1996-1997 3rdNicolas Savinaud
12.5%
Nantes 1995-1996 7thJean-Marc Chanelet
12.3%
Nantes 1996-1997 3rdJean-Marc Chanelet
12.3%
Nantes 1994-1995 1stEric Decroix
12%
Nantes 1995-1996 7thEric Decroix
12%
Nantes 1993-1994 5thStéphane Ziani
11.8%
Nantes 1994-1995 1stBenoît Cauet
11.8%
Nantes 1995-1996 7thBenoît Cauet
11.8%
Nantes 1993-1994 5thEddy Capron
11.3%
Nantes 1994-1995 1stEddy Capron
11.3%
Nantes 1995-1996 7thEddy Capron
11.3%
Nantes 1994-1995 1stChristophe Pignol
11.2%
Nantes 1995-1996 7thChristophe Pignol
11.2%
Nantes 1995-1996 7thJocelyn Gourvennec
11%
Nantes 1996-1997 3rdEric Loussouarn
9.5%
Nantes 1992-1993 5thLaurent Guyot
8.7%
Nantes 1993-1994 5thLaurent Guyot
8.7%
Nantes 1996-1997 3rdLaurent Guyot
8.7%
Marseille 1997-1998 4thXavier Gravelaine
8.3%
Marseille 1997-1998 4thPatrick Colleter
7.6%
Celta Vigo 1998-1999 5thMazinho
7%
Nantes 1996-1997 3rdAdel Sellimi
6.8%
Nantes 1992-1993 5thZoran Vulic
6.3%
Nantes 1995-1996 7thBruno Carotti
6.3%
Nantes 1996-1997 3rdBruno Carotti
6.3%
Celta Vigo 1998-1999 5thFernando Caceres
6%
Celta Vigo 1999-2000 7thFernando Caceres
6%
Celta Vigo 1999-2000 7thJuanfran
6%
Celta Vigo 1998-1999 5thGoran Djorovic
5.2%
Marseille 1997-1998 4thTeddy Bertin
5%
Marseille 1997-1998 4thMiladin Becanovic
4%
Celta Vigo 1999-2000 7thSergio
3.6%
Marseille 1997-1998 4thLudovic Asuar
3.1%
Celta Vigo 1999-2000 7thJuan Velasco
2.6%
Celta Vigo 1998-1999 5thJosema
1.9%

You're not logged in!

Compare scores with friends on all Sporcle quizzes.
Sign Up with Email
OR
Log In

You Might Also Like...

Show Comments

Extras

Top Quizzes Today


Score Distribution

Your Account Isn't Verified!

In order to create a playlist on Sporcle, you need to verify the email address you used during registration. Go to your Sporcle Settings to finish the process.

Report this User

Report this user for behavior that violates our Community Guidelines.

Details: